| 000 | 01230nam a2200277 a 4500 | ||
|---|---|---|---|
| 001 | 000012930 | ||
| 005 | 20240306073902.0 | ||
| 008 | 091118s2001 dr abc 000 0 spa d | ||
| 020 | _a8482613642 | ||
| 040 |
_aDO-SdBNP _bspa _cBNPHU |
||
| 082 |
_a372.83 _bS678 |
||
| 245 | 0 | 0 |
_aSociedad 3 : _bhistoria y geografía de la República Dominicana / _cdirección editorial Obdulia García de Escobar ; ilustración Ruddy Núñez ; editora Margarita Castro Catrain. |
| 260 |
_aSanto Domingo : _bSantillana, _c2001. |
||
| 300 |
_a255 p. : _bil., maps., retrs. ; _c28 cm. |
||
| 490 | 1 | _aUmbral | |
| 500 | _aTercero de bachillerato. 1er. curso / Segundo ciclo | ||
| 505 | 1 | _aLa colonización en la isla de Santo Domingo -- Emancipación y vida republicana -- La formación del Estado moderno -- La primera mitad del siglo XX -- Descubre nuestro país... | |
| 650 | 4 |
_aHistoria dominicana _xEnseñanza secundaria _929823 |
|
| 650 | 4 |
_aHistoria _xLibro de texto _929824 |
|
| 650 | 4 |
_aCiencias sociales _xEnseñanza secundaria _929825 |
|
| 700 | 1 |
_aGarcía Escobar, Obdulia de _edir. ed. _929220 |
|
| 700 | 1 |
_aNúñez, Ruddy, _eil. _923171 |
|
| 700 | 1 |
_aCastro Catrain, Margarita, _eed. _929221 |
|
| 830 | 0 |
_aUmbral _929222 |
|
| 049 | _aBNPD | ||
| 999 |
_c12578 _d12578 |
||